Statistiken für Alle Pokémon mit "L"

Klicken Sie hier um das Quiz zu spielen!

Allgemein

  • Dieses Quiz wurde 38 mal gespielt
  • Das Durchschnittsergebnis liegt bei 21 aus 46

Antwortstatistiken

TypPokémon% Korrekt
Elektro ⚡Luxtra
87%
Wasser / ElektroLampi
80%
Wasser / ElektroLanturn
80%
Elektro ⚡Lektrobal
80%
Wasser / EisLapras
73%
Feuer / FlugLavados
73%
Boden / DracheLibelldra
67%
Geist / FeuerLichtel
67%
Wasser / PflanzeLombrero
67%
Wasser / PflanzeLoturzel
67%
Elektro ⚡Luxio
67%
Drache / PsychoLatias
60%
Drache / PsychoLatios
60%
Käfer / FlugLedian
60%
Käfer / FlugLedyba
60%
Feuer / KampfLohgock
60%
Wasser / PsychoLahmus
53%
Gestein / BodenLarvitar
47%
Wasser / PsychoLaschoking
47%
Geist / FeuerLaternecto
47%
Boden / PsychoLepumentas
47%
Feuer / NormalLeufeo
47%
Kampf / StahlLucario
47%
Psycho / FlugLugia
47%
Käfer 🐛Laukaps
40%
Kampf 👊Lin -Fu
40%
Psycho / GeistLunala
40%
Wasser 💧Lusardin
40%
Elektro / DracheLectragon
33%
Gestein / PsychoLunastein
33%
Elektro / EisLecryodon
27%
Normal ✳Letarking
27%
Feuer 🔥Liberlo
27%
Wasser 💧Liebiskus
27%
Pflanze 🌿Lorblatt
27%
Wasser 💧Lumineon
27%
Pflanze / FeeLamellux
20%
Kampf 👊Lauchzelot
20%
Kampf 👊Legios
20%
Gestein / PflanzeLiliep
20%
Pflanze 🌿Lilminip
20%
Käfer /GesteinLithomith
20%
Feuer 🔥Lokroko
20%
Gestein / GeistLumiflora
20%
Gestein / GiftLumispross
20%
Käfer / UnlichtLextremo
13%

Verteilung der Resultate

Perzentil nach korrekt beantworteten Fragen

Anzahl Personen mit jedem Resultat

Ihre Resultats-Entwicklung

Sie haben dieses Quiz noch nicht gespielt